00270nam a22001097a 4500008004100000020001800041100001600059245004400075250001200119260002100131300000800152240312b |||||||| |||| 00| 0 eng d a9788120352476 aB.K. Mishra aPsychology The Study of Human Behaviour a2nd Ed. aDelhibPHIc2023 a594